Základy práva životného prostredia. 24

Právne predpisy, zákony, tvoriace základy práva životného prostredia. Právna regulácia spôsobu zaobchádzania s chemickými prípravkami a ich zaradenie do príslušnej kategórie.

Uložené v:
Podrobná bibliografia
Hlavný autor: Košičiarová, Soňa
Médium: Kapitola
Jazyk:Slovak
Predmet:
Tagy: Pridať tag
Žiadne tagy, Buďte prvý, kto otaguje tento záznam!

MARC

LEADER 00000naa a2200000 4500
001 r019690
005 20221213101451.3
041 0 |a slo 
044 |a SK 
245 1 0 |a Základy práva životného prostredia. 24  |c Soňa Košičiarová 
520 |a Právne predpisy, zákony, tvoriace základy práva životného prostredia. Právna regulácia spôsobu zaobchádzania s chemickými prípravkami a ich zaradenie do príslušnej kategórie. 
610 2 0 |a právo ochrany prostredia 
610 2 0 |a predpisy právne 
610 2 0 |a zákony 
610 2 0 |a Slovensko 
610 2 0 |a látky chemické 
610 2 0 |a ochrana prírody 
610 2 0 |a ochrana rastlín 
100 1 |a Košičiarová, Soňa